000 00706nam a2200265Ia 4500
005 20260302114408.0
008 008 260114s9999 xx 000 0 eng d
020 _a9781350036901
037 _aTextbook
040 _aCRL
040 _beng
040 _cCRL
041 _2eng
041 _aeng
084 _qCRL
100 _aNadia Bou Ali and Rohit Goel
_91118653
245 0 _aLacan Contra Foucault Subjectivity, Sex, and Politics
260 _bBloomsbury
260 _bBloomsbury Academic
260 _c2018
650 _aPhilosophy
856 _uhttps://dx.doi.org/10.5040/9781350036901?locatt=label:secondary_bloomsburyCollections
942 _cEBOOK
999 _c1682396
_d1682396